NLSUI OPAC header image

The continuity of legal systems in theory and practice / (Record no. 113564)

MARC details
000 -LEADER
fixed length control field 01907cam a2200469 i 4500
001 - CONTROL NUMBER
control field 19001075
003 - CONTROL NUMBER IDENTIFIER
control field OSt
005 - DATE AND TIME OF LATEST TRANSACTION
control field 20190427114123.0
008 - FIXED-LENGTH DATA ELEMENTS--GENERAL INFORMATION
fixed length control field 160304s2015 enk b 001 0 eng d
010 ## - LIBRARY OF CONGRESS CONTROL NUMBER
LC control number 2016295205
020 ## - INTERNATIONAL STANDARD BOOK NUMBER
International Standard Book Number 1849468834
020 ## - INTERNATIONAL STANDARD BOOK NUMBER
International Standard Book Number 9781849468831
020 ## - INTERNATIONAL STANDARD BOOK NUMBER
International Standard Book Number 9781849468862 (online)
035 ## - SYSTEM CONTROL NUMBER
System control number (OCoLC)ocn902021824
040 ## - CATALOGING SOURCE
Original cataloging agency YDXCP
Language of cataloging eng
Transcribing agency YDXCP
Description conventions rda
Modifying agency BTCTA
-- OCLCQ
-- CDX
-- OCLCO
-- OCLCF
-- VWL
-- OCL
-- DLC
042 ## - AUTHENTICATION CODE
Authentication code lccopycat
043 ## - GEOGRAPHIC AREA CODE
Geographic area code u-at---
050 00 - LIBRARY OF CONGRESS CALL NUMBER
Classification number K237
Item number .S63 2015
082 04 - DEWEY DECIMAL CLASSIFICATION NUMBER
Classification number 340.1
Edition number 23
100 1# - MAIN ENTRY--PERSONAL NAME
Personal name Spagnolo, B. J.
Fuller form of name (Benjamin James),
Relator term author.
245 14 - TITLE STATEMENT
Title The continuity of legal systems in theory and practice /
Statement of responsibility, etc. Benjamin Spagnolo.
264 #1 - PRODUCTION, PUBLICATION, DISTRIBUTION, MANUFACTURE, AND COPYRIGHT NOTICE
Place of production, publication, distribution, manufacture Oxford:
Name of producer, publisher, distributor, manufacturer Hart Publishing,
Date of production, publication, distribution, manufacture, or copyright notice 2015.
300 ## - PHYSICAL DESCRIPTION
Extent xxix, 243 pages ;
Dimensions 24 cm
336 ## - CONTENT TYPE
Content type term text
Content type code txt
Source rdacontent
337 ## - MEDIA TYPE
Media type term unmediated
Media type code n
Source rdamedia
338 ## - CARRIER TYPE
Carrier type term volume
Carrier type code nc
Source rdacarrier
504 ## - BIBLIOGRAPHY, ETC. NOTE
Bibliography, etc. note Includes bibliographical references (pages 227-235) and index.
505 0# - FORMATTED CONTENTS NOTE
Formatted contents note Introduction -- Australia : 1788-2001 -- Kelsen : authorised constitutional change -- Application of Kelsen's account -- Raz : continuity of social form -- Application of Raz's account.
600 10 - SUBJECT ADDED ENTRY--PERSONAL NAME
Personal name Kelsen, Hans,
Dates associated with a name 1881-1973.
600 10 - SUBJECT ADDED ENTRY--PERSONAL NAME
Personal name Raz, Joseph.
600 17 - SUBJECT ADDED ENTRY--PERSONAL NAME
Personal name Kelsen, Hans,
Dates associated with a name 1881-1973.
Source of heading or term fast
Authority record control number or standard number (OCoLC)fst00015699
600 17 - SUBJECT ADDED ENTRY--PERSONAL NAME
Personal name Raz, Joseph.
Source of heading or term fast
Authority record control number or standard number (OCoLC)fst00143390
650 #0 - SUBJECT ADDED ENTRY--TOPICAL TERM
Topical term or geographic name entry element Law
General subdivision Philosophy.
650 #0 - SUBJECT ADDED ENTRY--TOPICAL TERM
Topical term or geographic name entry element Constitutional law
Geographic subdivision Australia.
650 #7 - SUBJECT ADDED ENTRY--TOPICAL TERM
Topical term or geographic name entry element Constitutional law.
Source of heading or term fast
Authority record control number or standard number (OCoLC)fst00875797
650 #7 - SUBJECT ADDED ENTRY--TOPICAL TERM
Topical term or geographic name entry element Law (Philosophical concept)
Source of heading or term fast
Authority record control number or standard number (OCoLC)fst01770250
651 #7 - SUBJECT ADDED ENTRY--GEOGRAPHIC NAME
Geographic name Australia.
Source of heading or term fast
Authority record control number or standard number (OCoLC)fst01204543
856 ## - ELECTRONIC LOCATION AND ACCESS
Uniform Resource Identifier <a href="https://www.bloomsburycollections.com/book/the-continuity-of-legal-systems-in-theory-and-practice/">https://www.bloomsburycollections.com/book/the-continuity-of-legal-systems-in-theory-and-practice/</a>
906 ## - LOCAL DATA ELEMENT F, LDF (RLIN)
a 7
b cbc
c copycat
d 2
e ncip
f 20
g y-gencatlg
942 ## - ADDED ENTRY ELEMENTS (KOHA)
Source of classification or shelving scheme Dewey Decimal Classification
Koha item type E-Books - Cambridge, Bloomsbury, Oxford Handbooks & West Academic
Holdings
Withdrawn status Lost status Source of classification or shelving scheme Damaged status Not for loan Home library Current library Shelving location Date acquired Total Checkouts Full call number Barcode Date last seen Price effective from Koha item type
    Dewey Decimal Classification     NLS NLS   27/04/2019   340.1 EBK-491 27/04/2019 27/04/2019 E-Books - Cambridge, Bloomsbury, Oxford Handbooks & West Academic